[Event "July 23 Late 2024"]
[Site "Chess.com"]
[Date "2024.07.23"]
[Round "9.70"]
[White "Svane, Rasmus"]
[Black "Esmeraldas Huachi, Anderson"]
[Result "1-0"]
[WhiteElo "2856"]
[BlackElo "2506"]
[PlyCount "67"]
[EventDate "2024.??.??"]
[WhiteTeam "GER"]
[BlackTeam "ECU"]
[TimeControl "180+1"]
[WhiteClock "0:01:49"]
[BlackClock "0:01:14"]

1. Nf3 {[%emt 0:00:05] Horn,Peter} d5 {[%emt 0:00:03]} 2. g3 {[%emt 0:00:01]} c5 {[%emt 0:00:01]} 3. Bg2 {[%emt 0:00:01]} Nf6 {[%emt 0:00:00]} 4. O-O {[%emt 0:00:00]} Bf5 {[%emt 0:00:01]} ({RR} 4... b5 5. d3 e6 6. e4 dxe4 ({RR} 6... Bb7 7. e5) ({RR} 6... Be7) 7. Ng5 Bb7 8. Nc3 ({RR} 8. a4 a6 9. Nc3 Qb6 10. Ncxe4 Nxe4 11. Nxe4 Nc6 12. Be3 Rd8 13. axb5 axb5 14. Qe1) 8... Be7 9. Ngxe4 Nxe4 10. Nxe4 Nc6 ({RR} 10... Qb6 11. a4 a6) 11. a4 bxa4 ({RR} 11... b4) ({RR} 11... a6 12. Be3) 12. Rxa4 O-O 13. Be3 Qb6 14. b3 Nb4 15. Nd2 Bxg2 16. Kxg2 Qc6+ 17. Kg1 e5 18. Nc4 Qd5 19. Bd2 {Markowski,T (2587)-Kempinski,R (2553) Warsaw 2003 CBM 095 [Horn,Peter] 1-0 (57)}) 5. d4 {[%emt 0:00:02]} ({RR} 5. d3 e6 6. Nbd2 h6 7. Re1 Be7 8. e4 dxe4 9. Nh4 Bg4 10. f3 exf3 11. Bxf3 Bxf3 12. Qxf3 Nc6 13. c3 O-O 14. Ne4 Ne5 15. Nxf6+ Bxf6 16. Qxb7 Rb8 17. Qxa7 Qd5 18. Qa4 Bxh4 19. gxh4 Nf3+ {Wueest,A (2234)-Kochiev,I (2064) chess.com INT 2024 0-1 (37)}) 5... cxd4 $146 {[%emt 0:00:03]} ({RR} 5... e6 6. c4 Be7 7. Qb3 Qb6 8. dxc5 Qxb3 9. axb3 Bxb1 10. Rxb1 Nc6 11. Bd2 Ne4 12. cxd5 exd5 13. Be3 O-O 14. Rfd1 Rfd8 15. Rbc1 g6 16. Nd4 f5 17. Ne6 Rd7 18. f3 Nf6 19. Nd4 Kf7 20. Bh3 {Janjic,J (2070)-Jovicic,D (2135) Belgrade 2019 ½-½ (46)}) 6. Nxd4 {[%emt 0:00:00]} Bd7 {[%emt 0:00:02]} 7. c4 {[%emt 0:00:05]} e5 {[%emt 0:00:03]} 8. Nc2 {[%emt 0:00:10]} Bc6 {[%emt 0:00:04]} 9. Bg5 {[%emt 0:00:15]} dxc4 {[%emt 0:00:03]} 10. Qxd8+ {[%emt 0:00:03]} Kxd8 {[%emt 0:00:00]} 11. Nd2 {[%emt 0:00:04]} h6 {[%emt 0:00:07]} 12. Bxf6+ {[%emt 0:00:02]} gxf6 {[%emt 0:00:00]} 13. Nxc4 {[%emt 0:00:00]} Bxg2 {[%emt 0:00:02]} 14. Kxg2 {[%emt 0:00:00]} Nd7 {[%emt 0:00:03]} 15. Rfd1 {[%emt 0:00:05]} Rc8 {[%emt 0:00:02]} 16. N2e3 {[%emt 0:00:01]} b5 {[%emt 0:00:17]} 17. Nd2 {[%emt 0:00:12]} Bc5 {[%emt 0:00:20]} 18. Nf5 {[%emt 0:00:02]} Kc7 {[%emt 0:00:02]} 19. Ne4 {[%emt 0:00:01]} Rhd8 {[%emt 0:00:13]} 20. Rac1 {[%emt 0:00:08]} Kb6 {[%emt 0:00:01]} 21. b4 {[%emt 0:00:05]} Bd4 {[%emt 0:00:09]} 22. Rxc8 {[%emt 0:00:01]} Rxc8 {[%emt 0:00:00]} 23. e3 {[%emt 0:00:01]} Rc2 {[%emt 0:00:27]} 24. exd4 {[%emt 0:00:02]} exd4 {[%emt 0:00:00]} 25. Rxd4 {[%emt 0:00:01]} Ne5 {[%emt 0:00:01]} 26. Rd6+ {[%emt 0:00:02]} Kc7 {[%emt 0:00:01]} 27. Rxf6 {[%emt 0:00:01]} Rxa2 {[%emt 0:00:01]} 28. Nc3 {[%emt 0:00:05]} Rb2 {[%emt 0:00:05]} 29. Nxb5+ {[%emt 0:00:02]} Kb7 {[%emt 0:00:01]} 30. Nbd6+ {[%emt 0:00:02]} Kc6 {[%emt 0:00:01]} 31. Nxf7+ {[%emt 0:00:00]} Kd5 {[%emt 0:00:02]} 32. Ne3+ {[%emt 0:00:05]} Ke4 {[%emt 0:00:00]} 33. Rf4+ {[%emt 0:00:01]} Kd3 {[%emt 0:00:05]} 34. Nxe5+ {[%emt 0:00:01]} 1-0

[Event "July 23 Late 2024"]
[Site "Chess.com"]
[Date "2024.07.23"]
[Round "10.14"]
[White "Andreikin, Dmitry"]
[Black "Makarian, Rudik"]
[Result "1-0"]
[WhiteElo "3098"]
[BlackElo "2927"]
[PlyCount "77"]
[EventDate "2024.??.??"]
[WhiteTeam "FID"]
[BlackTeam "FID"]
[TimeControl "180+1"]
[WhiteClock "0:00:29"]

1. Nf3 {[%emt 0:00:02]} Nf6 {[%emt 0:00:03]} 2. g3 {[%emt 0:00:01]} d5 {[%emt 0:00:01]} 3. Bg2 {[%emt 0:00:01]} e6 {[%emt 0:00:00]} 4. O-O {[%emt 0:00:02]} Be7 {[%emt 0:00:00]} 5. d3 {[%emt 0:00:01]} O-O {[%emt 0:00:03]} 6. a4 {[%emt 0:00:00]} a5 {[%emt 0:00:03]} 7. Bf4 {[%emt 0:00:01]} Bd6 {[%emt 0:00:05]} 8. Bxd6 {[%emt 0:00:04]} Qxd6 {[%emt 0:00:05]} 9. Nc3 {[%emt 0:00:04]} e5 {[%emt 0:00:18]} 10. e4 {[%emt 0:00:09]} d4 {[%emt 0:00:03]} 11. Nb5 $146 {[%emt 0:00:11]} ({RR} 11. Nb1 c6 12. h3 Na6 13. Nh4 Qb4 14. Qc1 Nc5 15. b3 b5 16. Nf5 Bxf5 17. exf5 e4 18. axb5 cxb5 19. dxe4 Ncxe4 20. Qe1 Rae8 21. Qxb4 axb4 22. Ra5 Rb8 23. Rd1 Rfd8 24. Ra7 Rbc8 25. Re7 Nc3 {Dronavalli,H (2500)-Ushenina,A (2434) Kolkata IND 2023 ½-½ (40)}) 11... Qe7 {[%emt 0:00:05]} 12. c3 {[%emt 0:00:02]} dxc3 {[%emt 0:00:11]} 13. bxc3 {[%emt 0:00:02]} Rd8 {[%emt 0:00:01]} 14. Qc2 {[%emt 0:00:02]} Ra6 {[%emt 0:00:41]} 15. d4 {[%emt 0:00:07]} exd4 {[%emt 0:00:03]} 16. e5 {[%emt 0:00:01]} Nd5 {[%emt 0:00:06]} 17. Nfxd4 {[%emt 0:00:10]} Rh6 {[%emt 0:00:06]} 18. Rfe1 {[%emt 0:00:05]} Nc6 {[%emt 0:00:05]} 19. Rad1 {[%emt 0:00:04]} Nxd4 {[%emt 0:00:05]} 20. Nxd4 {[%emt 0:00:05]} c6 {[%emt 0:00:04]} 21. e6 {[%emt 0:00:06]} Bxe6 {[%emt 0:00:14]} 22. c4 {[%emt 0:00:19]} Nb4 {[%emt 0:00:38]} 23. Nf5 {[%emt 0:00:01]} Nxc2 {[%emt 0:00:16]} 24. Nxe7+ {[%emt 0:00:04]} Kf8 {[%emt 0:00:01]} 25. Rxd8+ {[%emt 0:00:14]} Kxe7 {[%emt 0:00:00]} 26. Red1 {[%emt 0:00:01]} Nb4 {[%emt 0:00:07]} 27. Rb8 {[%emt 0:00:04]} Rh5 {[%emt 0:00:01]} 28. Rxb7+ {[%emt 0:00:02]} Kf6 {[%emt 0:00:01]} 29. Ra7 {[%emt 0:00:32]} Rc5 {[%emt 0:00:00]} 30. Bf1 {[%emt 0:00:00]} h5 {[%emt 0:00:02]} 31. f4 {[%emt 0:00:02]} g5 {[%emt 0:00:01]} 32. fxg5+ {[%emt 0:00:03]} Kxg5 {[%emt 0:00:01]} 33. Rd8 {[%emt 0:00:03]} Kf6 {[%emt 0:00:01]} 34. Rda8 {[%emt 0:00:01]} Bxc4 {[%emt 0:00:02]} 35. Rxa5 {[%emt 0:00:02]} Rxa5 {[%emt 0:00:02]} 36. Rxa5 {[%emt 0:00:00]} Bd5 {[%emt 0:00:00]} 37. Ra7 {[%emt 0:00:11]} Ke5 {[%emt 0:00:01]} 38. a5 {[%emt 0:00:01]} c5 {[%emt 0:00:03]} 39. Rc7 {[%emt 0:00:11]} 1-0

[Event "July 23 Late 2024"]
[Site "Chess.com"]
[Date "2024.07.23"]
[Round "10.22"]
[White "Szpar, Milosz"]
[Black "Tarhan, Adar"]
[Result "1-0"]
[WhiteElo "2913"]
[BlackElo "2706"]
[PlyCount "85"]
[EventDate "2024.??.??"]
[WhiteTeam "POL"]
[BlackTeam "TUR"]
[TimeControl "180+1"]
[WhiteClock "0:00:16"]
[BlackClock "0:00:01"]

1. Nf3 {[%emt 0:00:02]} d5 {[%emt 0:00:07]} 2. c4 {[%emt 0:00:00]} d4 {[%emt 0:00:02]} 3. b4 {[%emt 0:00:01]} Nf6 {[%emt 0:00:01]} 4. g3 {[%emt 0:00:03]} c5 {[%emt 0:00:05]} 5. Bg2 {[%emt 0:00:05]} cxb4 {[%emt 0:00:01]} 6. O-O {[%emt 0:00:01]} Nc6 {[%emt 0:00:01]} 7. a3 {[%emt 0:00:00]} bxa3 {[%emt 0:00:02]} 8. d3 {[%emt 0:00:01]} e5 {[%emt 0:00:02]} 9. Bg5 $146 {[%emt 0:00:11]} ({RR} 9. Qa4 Bd7 10. Nxa3 Bd6 11. Bg5 O-O 12. Rfb1 Rb8 13. Nd2 h6 14. Bxf6 gxf6 15. Nb5 Bg4 16. Kf1 Qd7 17. Nxa7 Ra8 18. Qb5 Rfb8 19. Ne4 Be7 20. Qb6 Bh3 21. Nxc6 Bxg2+ 22. Kxg2 Qxc6 23. Rxa8 Rxa8 {Yu,Y (2738)-Zhao,Y (2313) China 2016 1-0}) ({RR} 9. Qa4 Bd7 10. Bxa3 Bxa3 11. Qxa3 Qe7 12. Nbd2 ({RR} 12. Ng5 Qxa3 13. Nxa3 Ke7 14. Rfb1 Rab8 15. f4 exf4 16. gxf4 Nh5 17. Rf1 Nb4 18. Ne4 Rhc8 19. Nd2 Bc6 20. Nb3 Bxg2 21. Kxg2 Rd8 22. Kf3 a6 23. Rfb1 b6 24. Rb2 Rd6 25. Nd2 a5 26. Ne4 Re6) 12... Qxa3 13. Rxa3 Ke7 14. Rb1 Rab8 15. Ne1 Rhc8 16. Nc2 a6 17. f4 Ng4 18. fxe5 Ngxe5 19. Nf3 Nxf3+ 20. Bxf3 b5 21. Bxc6 Rxc6 22. Nxd4 Rd6 23. e3 Rc8 {Carlsen,M (2828)-Duda,J (2748) Warsaw, Poland 2024 1-0 (66)}) ({RR} 9. Qa4 Bd7 10. Bxa3 Bxa3 11. Qxa3 Qe7 12. Nbd2 Qxa3 13. Rxa3 Ke7 14. Rb1 Rab8 15. Ne1 Rhc8 16. Nc2 a6 17. f4 Ng4 18. fxe5 Ngxe5 19. Nf3 Nxf3+ 20. Bxf3 b5 21. Bxc6 Rxc6 22. Nxd4 Rd6 23. e3 Rc8 {Carlsen,M (2830)-Duda,J (2734) Warsaw POL 2024 1-0 (66)}) 9... h6 {[%emt 0:00:04]} 10. Bxf6 {[%emt 0:00:01]} Qxf6 {[%emt 0:00:00]} 11. Nxa3 {[%emt 0:00:01]} Bxa3 {[%emt 0:00:00]} 12. Rxa3 {[%emt 0:00:01]} O-O {[%emt 0:00:01]} 13. Qa1 {[%emt 0:00:02]} Re8 {[%emt 0:00:03]} 14. Rb1 {[%emt 0:00:01]} e4 {[%emt 0:00:04]} 15. Nd2 {[%emt 0:00:01]} e3 {[%emt 0:00:17]} 16. fxe3 {[%emt 0:00:01]} Rxe3 {[%emt 0:00:01]} 17. Ne4 {[%emt 0:00:01]} Qe7 {[%emt 0:00:01]} 18. Bf3 {[%emt 0:00:19]} Ne5 {[%emt 0:00:04]} 19. Kg2 {[%emt 0:00:09]} Nxf3 {[%emt 0:00:17]} 20. exf3 {[%emt 0:00:02]} Re2+ {[%emt 0:00:01]} 21. Kg1 {[%emt 0:00:03]} Bh3 {[%emt 0:00:03]} 22. Rab3 {[%emt 0:00:05]} f5 {[%emt 0:00:29]} 23. Rxb7 {[%emt 0:00:02]} Qd8 {[%emt 0:00:06]} 24. Nf2 {[%emt 0:00:09]} Qe8 {[%emt 0:00:01]} 25. R7b2 {[%emt 0:00:17]} f4 {[%emt 0:00:23]} 26. Rxe2 {[%emt 0:00:14]} Qxe2 {[%emt 0:00:00]} 27. Qxd4 {[%emt 0:00:15]} fxg3 {[%emt 0:00:55]} 28. Qd5+ {[%emt 0:00:14]} Kh7 {[%emt 0:00:02]} 29. hxg3 {[%emt 0:00:01]} Rb8 {[%emt 0:00:05]} 30. Rc1 {[%emt 0:00:25]} Qd2 {[%emt 0:00:03]} 31. Rd1 {[%emt 0:00:05]} Qc2 {[%emt 0:00:02]} 32. Qe4+ {[%emt 0:00:03]} Kh8 {[%emt 0:00:01]} 33. d4 {[%emt 0:00:01]} Qa4 {[%emt 0:00:04]} 34. d5 {[%emt 0:00:04]} Re8 {[%emt 0:00:01]} 35. Qd4 {[%emt 0:00:12]} Bd7 {[%emt 0:00:06]} 36. c5 {[%emt 0:00:03]} Qb5 {[%emt 0:00:01]} 37. c6 {[%emt 0:00:02]} Bxc6 {[%emt 0:00:01]} 38. dxc6 {[%emt 0:00:00]} Qxc6 {[%emt 0:00:00]} 39. Qd5 {[%emt 0:00:03]} Qf6 {[%emt 0:00:01]} 40. Kg2 {[%emt 0:00:02]} a6 {[%emt 0:00:01]} 41. Rd2 {[%emt 0:00:01]} Re3 {[%emt 0:00:02]} 42. Qa8+ {[%emt 0:00:02]} Qd8 {[%emt 0:00:01]} 43. Rxd8+ {[%emt 0:00:02]} 1-0

[Event "July 23 Late 2024"]
[Site "Chess.com"]
[Date "2024.07.23"]
[Round "10.59"]
[White "Hernandez Amura, Gilberto"]
[Black "Sargsyan, Anna M."]
[Result "1-0"]
[WhiteElo "2528"]
[BlackElo "2638"]
[PlyCount "77"]
[EventDate "2024.??.??"]
[WhiteTeam "ARG"]
[BlackTeam "ARM"]
[TimeControl "180+1"]
[WhiteClock "0:01:21"]
[BlackClock "0:01:43"]

1. Nf3 {[%emt 0:00:02]} Nf6 {[%emt 0:00:03]} 2. g3 {[%emt 0:00:01]} g6 {[%emt 0:00:00]} 3. b3 {[%emt 0:00:01]} Bg7 {[%emt 0:00:00]} 4. Bb2 {[%emt 0:00:01]} O-O {[%emt 0:00:01]} 5. Bg2 {[%emt 0:00:00]} d5 {[%emt 0:00:01]} 6. c4 {[%emt 0:00:02]} dxc4 {[%emt 0:00:01]} 7. bxc4 {[%emt 0:00:02]} c5 {[%emt 0:00:01]} 8. O-O {[%emt 0:00:01]} Nc6 {[%emt 0:00:00]} 9. d3 {[%emt 0:00:01]} Nd4 {[%emt 0:00:03]} ({RR} 9... Bf5 10. Nc3 Qd7 11. Re1 Rac8 12. Rb1 b6 13. Nb5 Bh3 14. Bh1 Ne8 15. Bxg7 Nxg7 16. Ng5 Bg4 17. Qd2 h6 18. Ne4 Kh7 19. Nec3 f5 20. f3 Bh5 21. f4 e6 22. Bg2 Rfd8 23. Kh1 Qe7 24. Qe3 {Radjabov,T (2744)-Jakovenko,D (2736) Khanty-Mansiysk 2011 1-0 (48)}) 10. Bxd4 $146 {[%emt 0:00:03]} ({RR} 10. Nbd2 Rb8 11. Nb3 Nxb3 12. axb3 a6 13. Be5 Nd7 14. Bxg7 Kxg7 15. b4 cxb4 16. Qa4 b5 17. Qxb4 bxc4 18. Qxc4 Nf6 19. Nd4 Qd6 20. Nc6 Rb2 21. e4 e5 22. d4 Rb6 23. Rac1 Nd7 24. f4 exd4 {Galzagorri Uli,Y (2227)-Salcedo,M (2026) San Sebastian 2005 1-0 (33)}) ({RR} 10. Nxd4 cxd4 11. Nd2 e5 12. a4 Qc7 13. a5 Rb8 14. Ba3 Re8 15. Qb3 Bd7 16. a6 bxa6 17. Qa2 Bc6 18. Nf3 a5 19. Rfb1 a4 20. Bb4 a5 21. Be1 Bf8 22. Nh4 a3 23. Bd2 Bb4 24. Bc1 Bxg2 {Arabidze,M (2426)-Mestnikov,A (2097) Chess.com INT 2022 1-0 (41)}) 10... cxd4 {[%emt 0:00:00]} 11. Nbd2 {[%emt 0:00:01]} Re8 {[%emt 0:00:01]} 12. Rb1 {[%emt 0:00:13]} Rb8 {[%emt 0:00:01]} 13. Qa4 {[%emt 0:00:02]} a6 {[%emt 0:00:03]} 14. Qb4 {[%emt 0:00:02]} e5 {[%emt 0:00:02]} 15. Ng5 {[%emt 0:00:06]} Bf8 {[%emt 0:00:01]} 16. Qb6 {[%emt 0:00:04]} Qxb6 {[%emt 0:00:05]} 17. Rxb6 {[%emt 0:00:00]} Nd7 {[%emt 0:00:02]} 18. Rb2 {[%emt 0:00:08]} h6 {[%emt 0:00:01]} 19. Nge4 {[%emt 0:00:02]} f5 {[%emt 0:00:02]} 20. Rfb1 {[%emt 0:00:06]} fxe4 {[%emt 0:00:02]} 21. Nxe4 {[%emt 0:00:02]} Nc5 {[%emt 0:00:04]} 22. Nf6+ {[%emt 0:00:03]} Kf7 {[%emt 0:00:02]} 23. Nxe8 {[%emt 0:00:01]} Kxe8 {[%emt 0:00:01]} 24. Rb6 {[%emt 0:00:02]} Na4 {[%emt 0:00:17]} 25. Rxa6 {[%emt 0:00:15]} Nc3 {[%emt 0:00:03]} 26. Rb2 {[%emt 0:00:03]} bxa6 {[%emt 0:00:14]} 27. Rxb8 {[%emt 0:00:02]} Nxa2 {[%emt 0:00:16]} 28. Rxc8+ {[%emt 0:00:02]} Kf7 {[%emt 0:00:01]} 29. Bd5+ {[%emt 0:00:06]} Kg7 {[%emt 0:00:04]} 30. Ra8 {[%emt 0:00:02]} Nb4 {[%emt 0:00:02]} 31. Ra7+ {[%emt 0:00:02]} Kh8 {[%emt 0:00:01]} 32. h4 {[%emt 0:00:12]} Bc5 {[%emt 0:00:02]} 33. Ra8+ {[%emt 0:00:02]} Kg7 {[%emt 0:00:01]} 34. Bb7 {[%emt 0:00:01]} e4 {[%emt 0:00:04]} 35. dxe4 {[%emt 0:00:06]} d3 {[%emt 0:00:01]} 36. exd3 {[%emt 0:00:02]} Nxd3 {[%emt 0:00:00]} 37. Rxa6 {[%emt 0:00:11]} Bxf2+ {[%emt 0:00:10]} 38. Kg2 {[%emt 0:00:02]} Bd4 {[%emt 0:00:03]} 39. Rd6 {[%emt 0:00:05]} 1-0

[Event "59th World Juniors 2022"]
[Site "Cala Gonone ITA"]
[Date "2022.10.22"]
[Round "11.1"]
[White "Mendonca, Leon Luke"]
[Black "Kozak, Adam"]
[Result "1-0"]
[WhiteElo "2558"]
[BlackElo "2516"]
[PlyCount "165"]
[EventDate "2022.10.12"]

1. c4 c6 2. Nf3 d5 3. d4 Nf6 4. e3 e6 5. Bd3 Nbd7 6. b3 Bd6 7. Bb2 O-O 8. O-O Qe7 9. Ne5 c5 10. Nd2 cxd4 11. exd4 Ba3 12. Bxa3 Qxa3 13. f4 $146 ({RR} 13. Qc2 h6 14. Rac1 dxc4 15. Ndxc4 Qe7 16. Be2 Nd5 17. Bf3 N7f6 18. Ne3 Qd6 19. Qc5 Rd8 20. Nxd5 Nxd5 21. Bxd5 Qxc5 22. Rxc5 Rxd5 23. Rfc1 Rxc5 24. dxc5 f6 25. Nc4 Bd7 26. f3 Bc6 27. Kf2 Kf7 {Alekseev,E (2682)-Pourramezanali,A (2357) Baku 2012 1-0 (49)}) 13... b6 14. Ndf3 dxc4 15. bxc4 Bb7 16. Qe2 Qd6 17. Qe3 Rad8 18. Rad1 Bxf3 19. Rxf3 g6 20. Bc2 Nb8 21. Ba4 Qb4 22. Bb3 Qd6 23. Ba4 Qb4 24. Qb3 Qd6 25. h3 Ne8 26. Qb2 Ng7 27. Ng4 Kh8 28. Kh2 Nd7 29. c5 Qc7 30. Bxd7 Rxd7 31. Nf6 Rdd8 32. Rc1 Qe7 33. Ng4 f6 34. cxb6 axb6 35. Qxb6 Qd6 36. Qxd6 Rxd6 37. Nxf6 Rxd4 38. Ng4 Nh5 39. Ne5 Rdxf4 40. a4 Ra8 41. Rxf4 Nxf4 42. Ra1 Ra5 43. Nc6 Ra6 44. Nd4 Nd3 45. Nb3 Kg7 46. a5 Kf6 47. Kg3 Nb4 48. Nc5 Rc6 49. a6 Rxc5 50. a7 Rc8 51. a8=Q Rxa8 52. Rxa8 Nd5 53. Kf3 h5 54. Rf8+ Kg7 55. Rc8 Kf6 56. Ke4 h4 57. Rf8+ Ke7 58. Rh8 g5 59. Ke5 Nf6 60. Ra8 Nd7+ 61. Ke4 Kf6 62. Ra2 Nc5+ 63. Kd4 Nd7 64. Rf2+ Ke7 65. Ke4 Nf6+ 66. Ke5 Nd7+ 67. Kd4 Nf8 68. Ke4 Nd7 69. Ra2 Kf6 70. Rf2+ Ke7 71. Rb2 Kf6 72. Rb5 Kg6 73. Kf3 Kf6 74. Kg4 Ne5+ 75. Kh5 Nf7 76. Rb1 Nd6 77. Rf1+ Nf5 78. Rf2 Ke5 79. Kxg5 Ke4 80. Re2+ Kd5 81. Re1 Kd6 82. Kf6 Nd4 83. Re5 1-0

[Event "Asian Continental Blitz"]
[Site "Delhi IND"]
[Date "2022.11.03"]
[Round "9.3"]
[White "Aravindh, Chithambaram VR."]
[Black "Iniyan, P."]
[Result "1-0"]
[WhiteElo "2625"]
[BlackElo "2534"]
[PlyCount "60"]
[EventDate "2022.11.03"]
[EventType "blitz"]

1. g3 Nf6 2. Bg2 d5 3. Nf3 c5 4. O-O Nc6 5. c4 d4 6. e3 e5 7. exd4 exd4 8. d3 Be7 9. Bf4 O-O 10. Ne5 Nxe5 11. Bxe5 Bd6 12. Re1 ({RR} 12. Bxf6 Qxf6 13. Nd2 Rb8 14. Re1 Bf5 15. Be4 Bd7 16. Bd5 Qg6 17. Ne4 b6 18. h4 Be7 19. h5 Qg4 20. Qxg4 Bxg4 21. f4 Bd7 22. Kg2 Rfe8 23. Kf3 Kf8 24. g4 f5 25. gxf5 Bxf5 26. Re2 Bd8 {Movsesian,S (2680)-Buhmann,R (2596) Minsk 2017 1-0 (36)}) ({RR} 12. Bxf6 Qxf6 13. Nd2 Bf5 14. Qb3 Rab8 15. Rae1 a6 16. Be4 Bh3 17. Bg2 Bf5 18. Re2 h5 19. Rfe1 h4 20. Ne4 Qh6 21. Qb6 hxg3 22. Qxd6 Qxh2+ 23. Kf1 Bh3 24. Nf6+ Kh8 25. Re5 Qxg2+ 26. Ke2 Qxf2+ {Arca,C (2263)-Potapova,M (2226) chess.com INT 2025 0-1 (33)}) 12... Bxe5 13. Rxe5 Qc7 $146 ({RR} 13... Re8 14. Rxe8+ Qxe8 15. Nd2 Rb8 16. Ne4 Nxe4 17. Bxe4 b6 18. Qf3 Be6 19. Re1 Qd7 20. b3 Re8 21. Bc6 Bg4 22. Rxe8+ Qxe8 23. Qxg4 Qxc6 24. Qf4 Qb7 25. h4 h6 26. b4 g6 27. b5 a6 28. a4 {Szmetan,R (2288)-Molina,J (2310) Buenos Aires 2003 ½-½ (38)}) 14. Re1 Bd7 15. Nd2 Rae8 16. Nf3 Bc6 17. Qd2 a5 18. Nh4 Bxg2 19. Kxg2 Qc6+ 20. Kg1 h6 21. Qxa5 Ng4 22. Qd2 g5 23. h3 Ne5 24. f4 gxh4 25. fxe5 hxg3 26. Qf4 Kh7 27. Re4 Qg6 28. Rf1 Re6 29. Qf3 f6 30. Rg4 Qf7 1-0

[Event "CapExpress Finales 2022"]
[Site "Cap d'Agde FRA"]
[Date "2022.11.05"]
[Round "4.2"]
[White "Dardha, Daniel"]
[Black "Lagarde, Max"]
[Result "1-0"]
[WhiteElo "2609"]
[BlackElo "2573"]
[PlyCount "67"]
[EventDate "2022.11.05"]

1. e4 {Horn,Peter} e6 2. d3 d5 3. Nd2 Nf6 4. Ngf3 c5 5. g3 Nc6 6. Bg2 g6 7. O-O Bg7 8. c3 O-O 9. e5 Ng4 ({RR} 9... Nd7 10. d4 b5 ({RR} 10... f6 11. exf6 Qxf6 ({RR} 11... Nxf6 12. dxc5 Qe7 13. Re1 Qxc5 14. Nb3) 12. Nb3 c4 13. Bg5 Qf7 14. Nbd2 e5 15. Be3 ({RR} 15. dxe5 Ndxe5 16. Nxe5 Nxe5 17. b3 Nd3) 15... e4 16. Ng5 Qe7) ({RR} 10... cxd4 11. cxd4 Qb6 12. Nb3 a5 13. a4 ({RR} 13. Rb1 f6 14. Bh3 fxe5 15. Bxe6+ Kh8 16. Ng5 e4 17. Nxh7 ({RR} 17. Nf7+ Rxf7 18. Bxf7 a4 19. Nc5 Nxd4) ({RR} 17. Bxd5) 17... Kxh7 18. Qg4 Nf6) 13... f6 14. exf6 Nxf6 15. Be3 Ng4 16. Bf4 Nh6 17. Qd3 Nf5 18. Rfd1) ({RR} 10... b6 11. Re1 a5 12. Nf1 Ba6) ({RR} 10... a5 11. Re1 ({RR} 11. Nb1 b5 12. Na3 b4 13. Nc2 Qb6) 11... cxd4 12. cxd4 f6 13. exf6 Qxf6 14. Qe2 Nb6 15. Nb3 Nc4 16. a4 b6 17. Bf4 Bd7 18. Rad1) 11. Re1 b4 ({RR} 11... a5 12. Nf1 ({RR} 12. b3 Qb6 13. Nf1 cxd4 14. cxd4 Ba6 15. a3 Rac8 16. Bg5 h6 17. Be3 b4 18. a4 Ne7 19. N1d2 Bd3) 12... Ba6 13. Bg5 Qb6 14. Qd2 b4 15. Bh6 Rab8 16. Qf4 bxc3 17. bxc3 Bxf1 18. Bxf1 Qb2) 12. Nf1 Ba6 13. h4 ({RR} 13. Bg5) 13... bxc3 14. bxc3 Qa5 15. Bd2 Nb6 ({RR} 15... Rab8 16. c4 Qb6) 16. c4 Qa4 17. cxd5 Qxd1 18. Raxd1 Nxd5 19. dxc5 Rac8 20. a3 ({RR} 20. Ne3) 20... Rc7 21. Ne3 Nce7 22. Nxd5 Nxd5 23. Bb4 Rb8 24. Rd4 {Adams,M (2755)-Khalifman,A (2667) Dortmund 2000 CBM 078 [Horn,Peter] ½-½ (43)}) 10. d4 cxd4 11. cxd4 Qb6 $146 ({RR} 11... f6 12. exf6 Qxf6 13. Nb3 Kh8 ({RR} 13... b6 14. Re1 Ba6 15. Bf4 Nb4 16. h3 Nh6 17. Be5 Qf7 18. Qd2 Nd3 19. Re3 Nxe5 20. Nxe5 Qe8 21. g4 Nf7 22. Nxf7 Qxf7 23. Rae1 Bh6 24. Bf1 Bxf1 25. Kxf1 Rae8 26. Kg2 e5 27. dxe5 Rxe5 28. Nd4) 14. Bg5 Qf7 15. h3 Nf6 16. Ne5 Nxe5 17. dxe5 Ne4 18. Bxe4 dxe4 19. Bf4 Qf5 20. Qg4 h6 21. Rfe1 g5 22. Be3 Bxe5 23. Rad1 Bxb2 24. Nd4 Qxg4 25. hxg4 e5 26. Nb5 {Jimenez,J (2214)-Postnikov,D (2360) chess.com INT 2022 0-1 (51)}) ({RR} 11... f6 12. exf6 Qxf6 13. Nb3 a5 14. Bg5 Qf7 15. a4 ({RR} 15. Bf4 h6 16. h3 g5 17. Bd6 Rd8 18. Ba3 Nf6 19. Ne5 Nxe5 20. dxe5 Nd7 21. f4 gxf4 22. gxf4 b5 23. Nd4 Nf8 24. Bc5 Ng6 25. Qg4 Ne7 26. Kh1 Nf5 27. Nxf5 exf5 28. Qe2 b4 29. Rfd1 Be6) 15... b6 16. Bf4 Ba6 17. Re1 h6 18. Bh3 Nxf2 19. Kxf2 e5 20. dxe5 g5 21. e6 Qh5 22. e7 Nxe7 {½-½ (22) Macedo,M (1937)-Rocha,V (2150) Natal RN 2024}) 12. Nb3 f6 13. h3 Nxf2 14. Rxf2 fxe5 15. Be3 e4 16. Nh2 e5 17. Rxf8+ Kxf8 18. Kh1 exd4 19. Bg1 Be6 20. Rc1 Rd8 21. Rc5 e3 22. Nf3 h6 23. Nfxd4 Nxd4 24. Nxd4 Bf7 25. Bxe3 Qxb2 26. Rc7 Kg8 27. Rc2 Qa3 28. Bf2 a6 29. Kh2 Qa4 30. Qd2 Re8 31. Rc7 b5 32. Rxf7 Kxf7 33. Bxd5+ Ke7 34. Nc6+ 1-0

[Event "Titled Tue 1st Nov Late"]
[Site "chess.com INT"]
[Date "2022.11.01"]
[Round "2"]
[White "Erigaisi, Arjun"]
[Black "Leitao, R."]
[Result "1-0"]
[WhiteElo "2718"]
[BlackElo "2592"]
[PlyCount "71"]
[EventDate "2022.11.01"]

1. b3 d5 2. Bb2 Bf5 3. d3 e6 4. Nf3 Nf6 5. g3 h6 6. Bg2 Be7 7. O-O O-O 8. Nbd2 Bh7 9. Qe1 c5 10. e4 Nc6 11. Qe2 a5 12. a4 Nb4 13. Rac1 $146 ({RR} 13. Ne1 d4 14. Nc4 Nd7 15. Nf3 Qc7 16. Bc1 Rae8 17. Bf4 Qd8 18. Nd6 e5 19. Nxe8 exf4 20. Nxg7 Kxg7 21. gxf4 Kh8 22. Kh1 Bd6 23. e5 Bc7 24. Rg1 Nd5 25. Nxd4 Nxf4 26. Qg4 Nxg2 27. Qxg2 Rg8 {Blanco Diez,D (2274)-Jakubowski,K (2442) chess.com INT 2025 0-1 (51)}) 13... Re8 14. Rfe1 Bf8 15. Ne5 Nd7 16. Nxd7 Qxd7 17. Nb1 Nc6 18. Qe3 Rad8 19. h4 dxe4 20. Bxe4 Bxe4 21. Qxe4 Nd4 22. Nd2 f5 23. Qg2 e5 24. Nc4 Qc7 25. Bxd4 cxd4 26. Qf3 Bb4 27. Re2 f4 28. g4 Qe7 29. g5 hxg5 30. Rxe5 Qf6 31. Rxg5 Re7 32. Kh2 Qh6 33. Rh5 Qf6 34. Rg1 Kf7 35. Rgg5 Kg8 36. Ne5 1-0

[Event "ch-CHN 2022"]
[Site "Xinghua CHN"]
[Date "2022.11.03"]
[Round "3.4"]
[White "Zeng, C."]
[Black "Xu, Zhihang"]
[Result "1-0"]
[WhiteElo "2604"]
[BlackElo "2504"]
[PlyCount "79"]
[EventDate "2022.11.02"]

1. Nf3 Nf6 2. c4 e6 3. g3 d5 4. Bg2 d4 5. O-O c5 6. d3 Nc6 7. e3 Bd6 8. exd4 cxd4 9. Na3 O-O 10. Nc2 e5 11. b4 ({RR} 11. Bg5 h6 12. Bxf6 Qxf6 13. Nd2 Qe7 14. Re1 Bf5 15. Bxc6 bxc6 16. Nxd4 Bd7 17. N4f3 c5 18. Ne4 Bc7 19. Nfd2 Bc6 20. Nb3 Bb6 21. Qh5 f5 22. Nc3 Qd6 23. Re3 Rae8 24. Rae1 f4 25. Rxe5 fxg3 {Duda,J (2717)-Moiseenko,A (2667) Riadh 2017 1-0 (42)}) 11... Re8 12. b5 Nb8 13. Bg5 $146 ({RR} 13. Re1 Nbd7 14. Bg5 h6 15. Bxf6 Nxf6 16. a4 Qc7 17. a5 Rb8 18. h3 a6 19. b6 Qc5 20. g4 Bd7 21. Nd2 Qc8 22. Ne4 Nxe4 23. Bxe4 f5 24. Bd5+ Be6 25. Qf3 fxg4 26. Bxe6+ Rxe6 27. Qxg4 Qe8 {Xouplidis,F (1522)-Kiryttopoulos,I (1921) Trikala GRE 2024 0-1 (35)}) ({RR} 13. a4 a5 14. Re1 Nbd7 15. Ba3 Qc7 16. h3 Bxa3 17. Rxa3 Nc5 18. g4 Kf8 19. Qd2 Nfd7 20. Qg5 Ne6 21. Qh5 Kg8 22. Ng5 Nf6 23. Nxe6 Rxe6 24. Qh4 Nd7 25. Bd5 Rf6 26. Re2 Nf8 27. Ne1 Ng6 {Salamanca,J (1828)-Lopez Rayo,S (2247) Medellin COL 2025 0-1 (45)}) 13... Nbd7 14. Nd2 Nc5 15. Ne4 Ncxe4 16. Bxe4 h6 17. Bxf6 Qxf6 18. Re1 Re7 19. a3 Bc5 20. Nb4 Qd6 21. Nd5 Re8 22. Qh5 Bd7 23. f4 exf4 24. Nxf4 g5 25. Nh3 Re5 26. Bd5 Be6 27. Bxb7 Rb8 28. Bc6 Kg7 29. Rxe5 Qxe5 30. Nf2 f5 31. Kf1 Bf7 32. Qe2 Qf6 33. Kg2 h5 34. a4 Rc8 35. Rf1 a5 36. Qf3 g4 37. Qf4 Be7 38. Bd7 Rc5 39. b6 Qxb6 40. Ne4 1-0